| Tag |
First Indicator |
Second Indicator |
Subfields |
| LEADER |
00000cam a2200000 i 4500 |
| 001 |
in00004065021 |
| 005 |
20190718165514.0 |
| 008 |
180813t20192019maua b 001 0 eng |
| 010 |
|
|
|a 2018030570
|
| 020 |
|
|
|a 9780262039666
|q hardcover :
|q alkaline paper
|
| 020 |
|
|
|a 0262039664
|q hardcover :
|q alkaline paper
|
| 035 |
|
|
|a (OCoLC)on1054264218
|
| 040 |
|
|
|a DLC
|e rda
|c DLC
|d UtOrBLW
|
| 049 |
|
|
|a TXAM
|
| 050 |
0 |
0 |
|a ZA4065
|b .L68 2019
|
| 082 |
0 |
0 |
|a 025.042
|2 23
|
| 100 |
1 |
|
|a Loukissas, Yanni A.
|q (Yanni Alexander),
|e author.
|0 http://id.loc.gov/authorities/names/no2010019260
|
| 245 |
1 |
0 |
|a All data are local :
|b thinking critically in a data-driven society /
|c Yanni Alexander Loukissas ; foreword by Geoffrey C. Bowker.
|
| 264 |
|
1 |
|a Cambridge, Massachusetts :
|b MIT Press,
|c [2019]
|
| 264 |
|
4 |
|c ©2019
|
| 300 |
|
|
|a xix, 245 pages :
|b color illustrations ;
|c 24 cm.
|
| 336 |
|
|
|a text
|b txt
|2 rdacontent
|
| 337 |
|
|
|a unmediated
|b n
|2 rdamedia
|
| 338 |
|
|
|a volume
|b nc
|2 rdacarrier
|
| 504 |
|
|
|a Includes bibliographical references and index.
|
| 505 |
0 |
|
|t Local origins --
|t A place for plant data --
|t Collecting infrastructures --
|t Newsworthy algorithms --
|t Market, place, interface --
|t Models of local practice --
|t Local ends.
|
| 650 |
|
0 |
|a Electronic information resource literacy.
|0 http://id.loc.gov/authorities/subjects/sh97001718
|
| 650 |
|
0 |
|a Media literacy.
|0 http://id.loc.gov/authorities/subjects/sh96010160
|
| 700 |
1 |
|
|a Bowker, Geoffrey C.,
|e writer of foreword.
|0 http://id.loc.gov/authorities/names/n93070811
|
| 945 |
|
|
|b 34878
|
| 947 |
|
|
|a A14850867194
|
| 948 |
|
|
|a cataloged
|b h
|c 2019/5/29
|d c
|e dmitchel
|f 11:30:20 am
|
| 994 |
|
|
|a 92
|b TXA
|
| 999 |
f |
f |
|s 484c1be1-bbec-365e-9158-d70ab5224cbd
|i ed46ea4b-7da9-3762-a717-171f2da09af4
|t 0
|
| 952 |
f |
f |
|p normal
|a Texas A&M University
|b College Station
|c Sterling C. Evans Library
|d Evans: Library Stacks
|t 0
|e ZA4065 .L68 2019
|h Library of Congress classification
|i unmediated -- volume
|m A14850867194
|
| 998 |
f |
f |
|a ZA4065 .L68 2019
|t 0
|l Evans: Library Stacks
|